Statements of asset valuation practice and guidance notes (Record no. 92922)

MARC details
000 -LEADER
fixed length control field 01592cam a2200325 4500
008 - FIXED-LENGTH DATA ELEMENTS--GENERAL INFORMATION
fixed length control field 090401t1990 xxu||||| |||| 00| 0 eng d
020 ## - INTERNATIONAL STANDARD BOOK NUMBER
International Standard Book Number 0854064710
035 ## - SYSTEM CONTROL NUMBER
System control number (Sirsi) u51598
041 ## - LANGUAGE CODE
Language code of text/sound track or separate title eng
050 ## - LIBRARY OF CONGRESS CALL NUMBER
Classification number 333.332
090 ## - LOCALLY ASSIGNED LC-TYPE CALL NUMBER (OCLC); LOCAL CALL NUMBER (RLIN)
Classification number (OCLC) (R) ; Classification number, CALL (RLIN) (NR) RICS1990/45 ABCD
110 ## - MAIN ENTRY--CORPORATE NAME
Corporate name or jurisdiction name as entry element Royal Institution of Chartered Surveyors
9 (RLIN) 4900
245 ## - TITLE STATEMENT
Title Statements of asset valuation practice and guidance notes
250 ## - EDITION STATEMENT
Edition statement 3rd ed.
260 ## - PUBLICATION, DISTRIBUTION, ETC.
Place of publication, distribution, etc. London
Name of publisher, distributor, etc. RICS Books
Date of publication, distribution, etc. 1990
300 ## - PHYSICAL DESCRIPTION
Extent 1v.(looseleaf) ; 24cm.
350 ## - PRICE (NR) (BK AM CF MU VM SE) [OBSOLETE]
Price 37.5
490 ## - SERIES STATEMENT
Series statement RICS Red Book
520 ## - SUMMARY, ETC.
Summary, etc. SUPERSEDED: Replaced by the RICS Appraisal and Valuation Manual, also known as the New Red Book (RICS 1995/62). Prepared by Assets Valuation Standards Committee . 1st ed. 1976/5ABCD; 2nd ed. 1981/18ABCD; 2nd ed.revised 1989/31ABCD; 3rd ed. 1990/45ABCD. N.B. each edition was amended when updates were received: some early versions of guidance notes may not have been retained . Previous editions entitled Guidance notes on the valuation of assets. From Amendments 3 of 3rd ed. onwards separate archive copies of amendment packages also kept q.v. Compliance with these standards is mandatory from March 1991 when bye-law change approved by Privy Council. See Chartered Surveyor Weekly 14 March 1991, p72.
650 ## - SUBJECT ADDED ENTRY--TOPICAL TERM
Topical term or geographic name entry element ASSET VALUATION
650 ## - SUBJECT ADDED ENTRY--TOPICAL TERM
Topical term or geographic name entry element ASSETS
650 ## - SUBJECT ADDED ENTRY--TOPICAL TERM
Topical term or geographic name entry element GUIDANCE NOTES
650 ## - SUBJECT ADDED ENTRY--TOPICAL TERM
Topical term or geographic name entry element RICS APPRAISAL AND VALUATION MANUAL
650 ## - SUBJECT ADDED ENTRY--TOPICAL TERM
Topical term or geographic name entry element RICS
650 ## - SUBJECT ADDED ENTRY--TOPICAL TERM
Topical term or geographic name entry element Valuation
9 (RLIN) 6273
690 ## - LOCAL SUBJECT ADDED ENTRY--TOPICAL TERM (OCLC, RLIN)
Topical term or geographic name as entry element RATING AND VALUATION
710 ## - ADDED ENTRY--CORPORATE NAME
Corporate name or jurisdiction name as entry element Assets Valuation Standards Committee
9 (RLIN) 2689
942 ## - ADDED ENTRY ELEMENTS (KOHA)
Suppress in OPAC 0
Source of classification or shelving scheme Dewey Decimal Classification
948 ## - LOCAL PROCESSING INFORMATION (OCLC); SERIES PART DESIGNATOR (RLIN)
c (OCLC) 04/03/1997
Holdings
Withdrawn status Lost status Source of classification or shelving scheme Damaged status Not for loan Home library Current library Shelving location Date acquired Cost, normal purchase price Total Checkouts Full call number Barcode Date last seen Copy number Cost, replacement price Price effective from Koha item type Date last checked out
    Dewey Decimal Classification     London London RICS Boxes 14/09/1999 37.50   RICS 1990/45 30023134 06/08/2019 1 37.50 06/08/2019 Archive  
    Dewey Decimal Classification     London London RICS Boxes 14/09/1999 37.50 4 RICS 1990/45 30029350 06/08/2019 2 37.50 06/08/2019 Book 29/09/2006
    Dewey Decimal Classification     London London RICS Boxes 28/09/1992 37.50   RICS 1990/45 30034002 06/08/2019 3 37.50 06/08/2019 Reference material  
    Dewey Decimal Classification     London London RICS Boxes 22/01/1996 37.50 6 RICS 1990/45 30047109 06/08/2019 4 37.50 06/08/2019 Book 27/10/2004